Catálogo
 En Linea

Consideraciones sobre el flexor momento de los sólidos empotrados por los extremos y cargados en su punto medio, consecuencias útiles para la práctica / (Registro nro. 33813)

Detalles MARC
000 -CABECERA
campo de control de longitud fija 00754nam a2200169 a 4500
001 - NÚMERO DE CONTROL
campo de control 000034322
005 - FECHA Y HORA DE LA ÚLTIMA TRANSACCIÓN
campo de control 20200930073634.0
008 - DATOS DE LONGITUD FIJA--INFORMACIÓN GENERAL
campo de control de longitud fija 111003s1915 dr 000 0 spa d
040 ## - FUENTE DE LA CATALOGACIÓN
Centro catalogador/agencia de origen DO-SdBNP
Lengua de catalogación spa
Centro/agencia transcriptor BNPHU
082 ## - NÚMERO DE LA CLASIFICACIÓN DECIMAL DEWEY
Número de clasificación xxxx
Número de documento/Ítem G216c
049 ## - FONDOS LOCALES (OCLC)
Fondos de biblioteca BNPD
100 1# - ENTRADA PRINCIPAL--NOMBRE DE PERSONA
Nombre de persona García de la Concha, Osvaldo
9 (RLIN) 59749
245 10 - MENCIÓN DE TÍTULO
Título Consideraciones sobre el flexor momento de los sólidos empotrados por los extremos y cargados en su punto medio, consecuencias útiles para la práctica /
Mención de responsabilidad, etc. Osvaldo García de la Concha.
260 ## - PUBLICACIÓN, DISTRIBUCIÓN, ETC.
Lugar de publicación, distribución, etc. Santo Domingo :
Nombre del editor, distribuidor, etc. Gran Tipografía el progreso de Espinal,
Fecha de publicación, distribución, etc. 1915.
300 ## - DESCRIPCIÓN FÍSICA
Extensión 26 p. ;
Dimensiones 25 cm.
502 ## - NOTA DE TESIS
Nota de tesis Presentado originalmente como tesis del autor --Universidad de Santo Domingo, Facultad de Matématica, Santo Domingo, 1915.
Existencias
Estado de retiro Estado de pérdida No para préstamo Código de colección Localización permanente Ubicación/localización actual Ubicación en estantería Fecha de adquisición Número de inventario Total de préstamos Signatura topográfica completa Código de barras Fecha visto por última vez Precio válido a partir de Tipo de ítem Koha
    Excluido de préstamo Patrimonio Dominicano Patrimonio Dominicano Patrimonio Dominicano En catalogación 03.10.2011 LF1   xxxx G216c 34322-10 25.06.2020 25.06.2020 Libro y Folleto Colección Patrimonio Dominicano

Con tecnología Koha